[Event "DVM U14 2023"]
[Site "Magdeburg GER"]
[Date "2023.12.29"]
[Round "5"]
[White "Marynychenko, Yehor"]
[Black "Burlutskaia, Maria"]
[Result "1-0"]
[Termination "normal"]
[Board "3.2"]
[WhiteElo "1795"]
[BlackElo "1771"]
[WhiteClock "00:09:41"]
[BlackClock "00:33:46"]
[WhiteTeam "USV TU Dresden"]
[BlackTeam "SG Porz"]
[PlyCount "73"]
[WhiteFideId "34160558"]
[BlackFideId "34607137"]
[EventCountry "GER"]
[EventRounds "7"]
[EventType "team-swiss"]
[EventDate "2023.12.26"]

1. e4 {[%clk 01:30:57]} {[%emt 00:00:03]} e5 {[%clk 01:30:56]} {[%emt
00:00:05]} 2. Nc3 {[%clk 01:31:21]} Nf6 {[%clk 01:31:21]} {[%emt 00:00:10]} 3.
f4 {[%clk 01:31:46]} d5 {[%clk 01:31:46]} {[%emt 00:00:10]} 4. fxe5 {[%clk
01:32:10]} Nxe4 {[%clk 01:31:58]} {[%emt 00:00:24]} 5. Nf3 {[%clk 01:32:35]}
Be7 {[%clk 01:32:04]} {[%emt 00:00:29]} 6. Qe2 {[%clk 01:32:57]} Nxc3 {[%clk
01:32:04]} 7. dxc3 {[%clk 01:32:57]} O-O {[%clk 01:32:04]} 8. Bf4 {[%clk
01:32:57]} c6 {[%clk 01:16:59]} {[%emt 00:17:02]} 9. O-O-O {[%clk 01:32:17]}
Be6 {[%clk 01:17:05]} {[%emt 00:02:16]} 10. Kb1 {[%clk 01:29:10]} Nd7 {[%clk
01:17:05]} 11. Nd4 {[%clk 01:29:10]} Nc5 {[%clk 01:17:05]} 12. Nxe6 {[%clk
01:29:10]} Nxe6 {[%clk 01:08:25]} {[%emt 00:34:27]} 13. g3 {[%clk 00:58:05]}
Bg5 {[%clk 01:05:44]} {[%emt 00:15:05]} 14. Qf2 {[%clk 00:49:50]} b5 {[%clk
01:01:55]} {[%emt 00:13:04]} 15. h4 {[%clk 00:46:31]} Be7 {[%clk 01:01:43]}
{[%emt 00:04:31]} 16. Bd3 {[%clk 00:44:43]} a5 {[%clk 01:01:31]} {[%emt
00:03:00]} 17. Bg5 {[%clk 00:39:37]} a4 {[%clk 00:56:55]} {[%emt 00:10:42]} 18.
a3 {[%clk 00:37:31]} Nc5 {[%clk 00:55:53]} {[%emt 00:04:07]} 19. Qf5 {[%clk
00:25:06]} Nxd3 {[%clk 00:55:53]} 20. Rxd3 {[%clk 00:25:06]} Qc7 {[%clk
00:55:53]} 21. Rf3 {[%clk 00:25:06]} Rae8 {[%clk 00:55:53]} 22. Re1 {[%clk
00:25:06]} Bc5 {[%clk 00:55:53]} 23. Rff1 {[%clk 00:25:06]} Re6 {[%clk
00:55:53]} 24. Qg4 {[%clk 00:25:06]} Kh8 {[%clk 00:55:53]} 25. Be3 {[%clk
00:25:06]} Bxe3 {[%clk 00:55:53]} 26. Qxe6 {[%clk 00:25:06]} Bc5 {[%clk
00:55:53]} 27. Qf5 {[%clk 00:25:06]} Qe7 {[%clk 00:55:53]} 28. e6 {[%clk
00:25:06]} f6 {[%clk 00:55:53]} 29. g4 {[%clk 00:25:06]} Bd6 {[%clk 00:55:53]}
30. h5 {[%clk 00:25:06]} Re8 {[%clk 00:55:53]} 31. h6 {[%clk 00:25:06]} Be5
{[%clk 00:55:53]} 32. hxg7+ {[%clk 00:25:06]} Kxg7 {[%clk 00:55:53]} 33. Rxe5
{[%clk 00:25:06]} fxe5 {[%clk 00:55:53]} 34. Qxe5+ {[%clk 00:25:06]} Kg8 {[%clk
00:55:53]} 35. Rf7 {[%clk 00:25:06]} Qxf7 {[%clk 00:55:53]} 36. exf7+ {[%clk
00:25:06]} Kxf7 {[%clk 00:33:46]} {[%emt 01:08:21]} 37. Qc7+ {[%clk 00:09:41]}
1-0

[Event "DVM U14 2023"]
[Site "Magdeburg GER"]
[Date "2023.12.29"]
[Round "5"]
[White "Blomer, Moritz"]
[Black "Ellinger, Maximilian"]
[Result "1/2-1/2"]
[Termination "normal"]
[Board "3.3"]
[WhiteElo "1761"]
[BlackElo "1654"]
[WhiteClock "00:34:33"]
[BlackClock "00:35:13"]
[WhiteTeam "SG Porz"]
[BlackTeam "USV TU Dresden"]
[PlyCount "44"]
[WhiteFideId "34608370"]
[BlackFideId "34631003"]
[EventCountry "GER"]
[EventRounds "7"]
[EventType "team-swiss"]
[EventDate "2023.12.26"]

1. Nf3 {[%clk 01:30:57]} {[%emt 00:00:02]} Nf6 {[%clk 01:30:49]} {[%emt
00:00:11]} 2. g3 {[%clk 01:31:21]} {[%emt 00:00:07]} c5 {[%clk 01:31:06]}
{[%emt 00:00:13]} 3. Bg2 {[%clk 01:31:41]} {[%emt 00:00:10]} Nc6 {[%clk
01:31:18]} {[%emt 00:00:18]} 4. O-O {[%clk 01:30:58]} {[%emt 00:01:13]} e5
{[%clk 01:31:17]} {[%emt 00:00:31]} 5. c4 {[%clk 01:30:40]} {[%emt 00:00:47]}
d5 {[%clk 01:31:04]} {[%emt 00:00:43]} 6. cxd5 {[%clk 01:30:55]} {[%emt
00:00:16]} Nxd5 {[%clk 01:31:25]} {[%emt 00:00:09]} 7. Nc3 {[%clk 01:30:33]}
{[%emt 00:00:52]} Nc7 {[%clk 01:31:16]} {[%emt 00:00:38]} 8. d3 {[%clk
01:26:33]} {[%emt 00:04:30]} Be7 {[%clk 01:31:11]} {[%emt 00:00:35]} 9. Ne1
{[%clk 01:25:31]} {[%emt 00:01:32]} Bd7 {[%clk 01:30:25]} {[%emt 00:01:17]} 10.
Nc2 {[%clk 01:22:41]} {[%emt 00:03:20]} O-O {[%clk 01:28:26]} {[%emt 00:02:29]}
11. e4 {[%clk 01:21:24]} {[%emt 00:01:46]} Ne6 {[%clk 01:21:43]} {[%emt
00:07:13]} 12. f4 {[%clk 01:16:59]} {[%emt 00:04:55]} exf4 {[%clk 01:19:44]}
{[%emt 00:02:29]} 13. gxf4 {[%clk 01:16:53]} {[%emt 00:00:36]} Ned4 {[%clk
01:18:35]} {[%emt 00:01:39]} 14. Ne3 {[%clk 01:04:23]} {[%emt 00:13:01]} Re8
{[%clk 01:15:37]} {[%emt 00:03:28]} 15. Ncd5 {[%clk 01:00:21]} {[%emt
00:04:32]} Bf8 {[%clk 01:13:22]} {[%emt 00:02:45]} 16. Bd2 {[%clk 00:59:10]}
{[%emt 00:01:40]} Be6 {[%clk 01:11:17]} {[%emt 00:02:36]} 17. f5 {[%clk
00:56:56]} {[%emt 00:02:44]} Bxd5 {[%clk 01:10:34]} {[%emt 00:01:13]} 18. Nxd5
{[%clk 00:57:13]} {[%emt 00:00:13]} f6 {[%clk 01:10:03]} {[%emt 00:01:00]} 19.
Rf4 {[%clk 00:51:05]} {[%emt 00:06:39]} Qd7 {[%clk 01:00:59]} {[%emt 00:09:33]}
20. Rh4 {[%clk 00:46:21]} {[%emt 00:05:14]} Qf7 {[%clk 00:58:53]} {[%emt
00:02:36]} 21. Bf4 {[%clk 00:40:39]} {[%emt 00:06:13]} Rad8 {[%clk 00:55:03]}
{[%emt 00:04:20]} 22. Bh3 {[%clk 00:34:33]} {[%emt 00:06:36]} Ne5 {[%clk
00:35:13]} {[%emt 00:20:20]} 1/2-1/2

[Event "DVM U14 2023"]
[Site "Magdeburg GER"]
[Date "2023.12.29"]
[Round "5"]
[White "Nebes, Joel"]
[Black "Mohebbi, Sam"]
[Result "1-0"]
[Termination "normal"]
[Board "3.4"]
[WhiteElo "1284"]
[BlackElo "1567"]
[WhiteClock "00:05:33"]
[BlackClock "00:39:41"]
[WhiteTeam "USV TU Dresden"]
[BlackTeam "SG Porz"]
[PlyCount "139"]
[WhiteFideId "34617108"]
[BlackFideId "34607293"]
[EventCountry "GER"]
[EventRounds "7"]
[EventType "team-swiss"]
[EventDate "2023.12.26"]

1. e4 {[%clk 01:30:57]} e6 {[%clk 01:30:52]} {[%emt 00:00:10]} 2. d4 {[%clk
01:31:16]} {[%emt 00:00:11]} d5 {[%clk 01:30:35]} {[%emt 00:00:47]} 3. exd5
{[%clk 01:31:37]} {[%emt 00:00:09]} exd5 {[%clk 01:30:58]} {[%emt 00:00:07]} 4.
Nf3 {[%clk 01:31:49]} {[%emt 00:00:19]} Nf6 {[%clk 01:30:29]} {[%emt 00:00:58]}
5. Bf4 {[%clk 01:31:11]} {[%emt 00:01:07]} Bd6 {[%clk 01:30:04]} {[%emt
00:00:56]} 6. Bxd6 {[%clk 01:30:30]} {[%emt 00:01:12]} Qxd6 {[%clk 01:30:28]}
{[%emt 00:00:06]} 7. Bd3 {[%clk 01:29:09]} {[%emt 00:01:50]} O-O {[%clk
01:30:05]} {[%emt 00:00:54]} 8. O-O {[%clk 01:29:05]} {[%emt 00:00:33]} Bg4
{[%clk 01:28:53]} {[%emt 00:01:42]} 9. Re1 {[%clk 01:28:14]} {[%emt 00:01:21]}
Nc6 {[%clk 01:29:04]} {[%emt 00:00:20]} 10. c3 {[%clk 01:28:14]} {[%emt
00:00:29]} Rfe8 {[%clk 01:26:37]} {[%emt 00:02:57]} 11. Nbd2 {[%clk 01:26:03]}
{[%emt 00:02:40]} Rxe1+ {[%clk 01:25:23]} {[%emt 00:01:45]} 12. Qxe1 {[%clk
01:26:15]} {[%emt 00:00:16]} Re8 {[%clk 01:25:49]} {[%emt 00:00:06]} 13. Qb1
{[%clk 01:25:24]} {[%emt 00:01:21]} Qe6 {[%clk 01:22:03]} {[%emt 00:04:17]} 14.
h3 {[%clk 01:24:12]} {[%emt 00:01:41]} Bh5 {[%clk 01:22:22]} {[%emt 00:00:11]}
15. Bf5 {[%clk 01:24:04]} {[%emt 00:00:38]} Qd6 {[%clk 01:21:14]} {[%emt
00:01:39]} 16. g4 {[%clk 01:17:10]} {[%emt 00:07:23]} Bg6 {[%clk 01:19:06]}
{[%emt 00:02:38]} 17. Bxg6 {[%clk 01:14:04]} {[%emt 00:03:36]} hxg6 {[%clk
01:18:37]} {[%emt 00:01:00]} 18. Qd3 {[%clk 01:10:39]} {[%emt 00:03:54]} Qf4
{[%clk 01:16:37]} {[%emt 00:02:30]} 19. Qb5 {[%clk 01:06:18]} {[%emt 00:04:50]}
Ne4 {[%clk 01:13:21]} {[%emt 00:03:47]} 20. Qxb7 {[%clk 00:47:20]} {[%emt
00:19:28]} Re6 {[%clk 01:12:29]} {[%emt 00:01:21]} 21. Nxe4 {[%clk 00:44:14]}
{[%emt 00:03:37]} dxe4 {[%clk 01:12:46]} {[%emt 00:00:14]} 22. Nh2 {[%clk
00:40:37]} {[%emt 00:04:06]} Rf6 {[%clk 01:13:03]} {[%emt 00:00:13]} 23. Rf1
{[%clk 00:39:34]} {[%emt 00:01:33]} e3 {[%clk 01:13:18]} {[%emt 00:00:16]} 24.
fxe3 {[%clk 00:37:45]} {[%emt 00:02:18]} Qg3+ {[%clk 01:10:58]} {[%emt
00:02:50]} 25. Kh1 {[%clk 00:37:13]} {[%emt 00:01:02]} Rxf1+ {[%clk 01:11:20]}
{[%emt 00:00:08]} 26. Nxf1 {[%clk 00:37:28]} {[%emt 00:00:15]} Qxh3+ {[%clk
01:11:21]} {[%emt 00:00:29]} 27. Nh2 {[%clk 00:37:38]} {[%emt 00:00:20]} Ne7
{[%clk 01:09:48]} {[%emt 00:02:03]} 28. Qxc7 {[%clk 00:37:02]} {[%emt
00:01:07]} Qxe3 {[%clk 01:10:06]} {[%emt 00:00:11]} 29. Qb8+ {[%clk 00:32:49]}
{[%emt 00:04:43]} Kh7 {[%clk 01:10:22]} {[%emt 00:00:13]} 30. Qb5 {[%clk
00:32:24]} {[%emt 00:00:56]} Qe4+ {[%clk 01:09:54]} {[%emt 00:00:58]} 31. Kg1
{[%clk 00:32:33]} {[%emt 00:00:21]} Nd5 {[%clk 01:09:54]} {[%emt 00:00:30]} 32.
Qf1 {[%clk 00:30:18]} {[%emt 00:02:14]} Nf4 {[%clk 01:09:52]} {[%emt 00:01:03]}
33. Qf3 {[%clk 00:29:13]} {[%emt 00:01:34]} Qe1+ {[%clk 01:09:26]} {[%emt
00:00:57]} 34. Nf1 {[%clk 00:27:44]} {[%emt 00:01:59]} g5 {[%clk 01:08:23]}
{[%emt 00:01:33]} 35. d5 {[%clk 00:25:26]} {[%emt 00:02:48]} Qh4 {[%clk
01:08:02]} {[%emt 00:00:50]} 36. Ng3 {[%clk 00:19:50]} {[%emt 00:06:07]} Nxd5
{[%clk 01:07:28]} {[%emt 00:01:04]} 37. Qe4+ {[%clk 00:18:57]} {[%emt
00:01:23]} g6 {[%clk 01:07:31]} {[%emt 00:00:27]} 38. Qxd5 {[%clk 00:17:37]}
{[%emt 00:01:50]} Qxg3+ {[%clk 01:07:40]} {[%emt 00:00:20]} 39. Qg2 {[%clk
00:17:55]} {[%emt 00:00:13]} Qe1+ {[%clk 01:06:01]} {[%emt 00:02:09]} 40. Kh2
{[%clk 00:17:01]} {[%emt 00:01:24]} Qe5+ {[%clk 01:05:14]} {[%emt 00:01:15]}
41. Qg3 {[%clk 00:17:04]} {[%emt 00:00:28]} Qd5 {[%clk 01:02:36]} {[%emt
00:03:09]} 42. a3 {[%clk 00:15:22]} {[%emt 00:02:13]} a5 {[%clk 01:01:18]}
{[%emt 00:01:48]} 43. Qf2 {[%clk 00:13:04]} {[%emt 00:02:47]} Qb3 {[%clk
01:00:28]} {[%emt 00:01:20]} 44. a4 {[%clk 00:11:58]} {[%emt 00:01:35]} Kg8
{[%clk 01:00:17]} {[%emt 00:00:42]} 45. Qd2 {[%clk 00:11:39]} {[%emt 00:00:48]}
Qb8+ {[%clk 00:58:57]} {[%emt 00:01:50]} 46. Kh1 {[%clk 00:11:14]} {[%emt
00:00:52]} Qe5 {[%clk 00:59:13]} {[%emt 00:00:18]} 47. b4 {[%clk 00:09:47]}
{[%emt 00:01:57]} Qe4+ {[%clk 00:58:37]} {[%emt 00:01:06]} 48. Kh2 {[%emt
00:00:32]} Qxg4 {[%clk 00:58:27]} {[%emt 00:00:37]} 49. Qd8+ {[%clk 00:09:40]}
{[%emt 00:00:38]} Kh7 {[%clk 00:58:27]} {[%emt 00:00:28]} 50. Qxa5 {[%clk
00:09:55]} {[%emt 00:00:17]} Qe2+ {[%clk 00:58:36]} {[%emt 00:00:21]} 51. Kg3
{[%clk 00:09:56]} {[%emt 00:00:30]} Qe3+ {[%clk 00:58:48]} {[%emt 00:00:18]}
52. Kg2 {[%clk 00:09:23]} {[%emt 00:01:01]} Qxc3 {[%clk 00:59:03]} {[%emt
00:00:16]} 53. Qc5 {[%clk 00:09:04]} {[%emt 00:00:48]} Qb2+ {[%clk 00:58:01]}
{[%emt 00:01:34]} 54. Kg3 {[%clk 00:07:59]} {[%emt 00:01:33]} Qa3+ {[%clk
00:55:58]} {[%emt 00:02:33]} 55. Kg4 {[%clk 00:07:29]} {[%emt 00:01:01]} Qxa4
{[%clk 00:53:48]} {[%emt 00:02:40]} 56. Kxg5 {[%clk 00:07:48]} {[%emt
00:00:11]} Qd7 {[%clk 00:53:05]} {[%emt 00:01:12]} 57. b5 {[%clk 00:07:32]}
{[%emt 00:00:47]} Qd2+ {[%clk 00:53:06]} {[%emt 00:00:29]} 58. Kh4 {[%clk
00:07:22]} {[%emt 00:00:40]} Qh2+ {[%clk 00:53:06]} {[%emt 00:00:30]} 59. Kg4
{[%clk 00:07:35]} {[%emt 00:00:18]} Qg2+ {[%clk 00:51:15]} {[%emt 00:02:19]}
60. Kf4 {[%clk 00:06:47]} {[%emt 00:01:15]} Qh2+ {[%clk 00:50:26]} {[%emt
00:01:22]} 61. Kg4 {[%clk 00:06:21]} {[%emt 00:00:56]} f5+ {[%clk 00:48:31]}
{[%emt 00:02:26]} 62. Kg5 {[%clk 00:05:47]} {[%emt 00:01:04]} Qd2+ {[%clk
00:48:11]} {[%emt 00:00:51]} 63. Kf6 {[%clk 00:05:25]} {[%emt 00:00:51]} Qb2+
{[%clk 00:48:20]} {[%emt 00:00:19]} 64. Qe5 {[%clk 00:05:19]} {[%emt 00:00:37]}
Qg2 {[%clk 00:38:58]} {[%emt 00:09:52]} 65. Qe7+ {[%clk 00:04:51]} {[%emt
00:00:58]} Kh6 {[%clk 00:39:22]} {[%emt 00:00:07]} 66. Qg7 {[%clk 00:04:51]}
{[%emt 00:00:29]} Kh5 {[%clk 00:39:46]} {[%emt 00:00:06]} 67. Qh7+ {[%clk
00:04:55]} {[%emt 00:00:26]} Kg4 {[%emt 00:00:34]} 68. Qxg6+ {[%clk 00:05:12]}
{[%emt 00:00:10]} Kf3 {[%clk 00:39:19]} {[%emt 00:00:56]} 69. Qxg2+ {[%clk
00:05:33]} {[%emt 00:00:10]} Kxg2 {[%clk 00:39:41]} 70. Kxf5 {[%clk 00:05:33]}
1-0

[Event "DVM U14 2023"]
[Site "Magdeburg GER"]
[Date "2023.12.29"]
[Round "5"]
[White "Ollhoff, Hannes"]
[Black "Dorendorf, Mika"]
[Result "1/2-1/2"]
[Termination "normal"]
[Board "4.3"]
[WhiteElo "1494"]
[BlackElo "1698"]
[WhiteClock "00:20:16"]
[BlackClock "00:59:15"]
[WhiteTeam "TSG Oberschöneweide"]
[BlackTeam "Hamburger SK 1830"]
[PlyCount "95"]
[WhiteFideId "16266927"]
[BlackFideId "16283066"]
[EventCountry "GER"]
[EventRounds "7"]
[EventType "team-swiss"]
[EventDate "2023.12.26"]

1. d4 {[%clk 01:30:57]} {[%emt 00:00:02]} d5 {[%clk 01:30:56]} {[%emt
00:00:04]} 2. c4 {[%clk 01:31:14]} {[%emt 00:00:13]} e6 {[%clk 01:31:23]}
{[%emt 00:00:03]} 3. Nc3 {[%clk 01:31:29]} {[%emt 00:00:15]} Nf6 {[%clk
01:31:49]} {[%emt 00:00:05]} 4. cxd5 {[%clk 01:31:30]} {[%emt 00:00:29]} exd5
{[%clk 01:32:15]} {[%emt 00:00:04]} 5. Bg5 {[%clk 01:31:54]} {[%emt 00:00:05]}
Be7 {[%clk 01:32:41]} {[%emt 00:00:04]} 6. e3 {[%clk 01:31:46]} {[%emt
00:00:39]} c6 {[%clk 01:33:10]} 7. Bd3 {[%clk 01:32:05]} {[%emt 00:00:11]} O-O
{[%clk 01:33:35]} {[%emt 00:00:05]} 8. Nge2 {[%clk 01:32:00]} {[%emt 00:00:35]}
Re8 {[%clk 01:33:56]} {[%emt 00:00:10]} 9. Qc2 {[%clk 01:32:12]} {[%emt
00:00:17]} h6 {[%clk 01:34:24]} {[%emt 00:00:03]} 10. Bh4 {[%emt 00:00:08]} a5
11. O-O {[%clk 01:32:21]} {[%emt 00:00:42]} Na6 {[%clk 01:35:21]} {[%emt
00:00:02]} 12. a3 {[%emt 00:02:14]} Nc7 13. Rae1 {[%clk 01:26:19]} {[%emt
00:04:49]} Ne6 {[%clk 01:31:35]} {[%emt 00:04:46]} 14. f3 {[%clk 01:22:51]}
{[%emt 00:03:58]} c5 {[%clk 01:29:18]} {[%emt 00:02:47]} 15. Bb5 {[%clk
01:13:54]} {[%emt 00:09:26]} Bd7 {[%clk 01:26:28]} {[%emt 00:03:21]} 16. dxc5
{[%clk 01:13:01]} {[%emt 00:01:23]} Bxb5 {[%clk 01:24:44]} {[%emt 00:02:13]}
17. Nxb5 {[%clk 01:13:19]} {[%emt 00:00:12]} Bxc5 {[%clk 01:24:42]} {[%emt
00:00:32]} 18. Qd3 {[%clk 01:08:40]} {[%emt 00:05:09]} Qb6 {[%clk 01:15:22]}
{[%emt 00:09:50]} 19. Bxf6 {[%clk 00:58:20]} {[%emt 00:10:50]} Bxe3+ {[%clk
01:15:33]} {[%emt 00:00:19]} 20. Kh1 {[%clk 00:58:40]} {[%emt 00:00:10]} Nc5
{[%clk 01:13:54]} {[%emt 00:02:10]} 21. Qxd5 {[%clk 00:49:38]} {[%emt
00:09:32]} Qxf6 {[%clk 01:13:02]} {[%emt 00:01:23]} 22. Nec3 {[%clk 00:44:48]}
{[%emt 00:05:19]} Rad8 {[%clk 01:11:40]} {[%emt 00:01:51]} 23. Qc4 {[%clk
00:43:48]} {[%emt 00:01:30]} Nd3 {[%clk 01:11:30]} {[%emt 00:00:41]} 24. Ne4
{[%clk 00:35:14]} {[%emt 00:09:04]} Qb6 {[%clk 01:08:40]} {[%emt 00:03:20]} 25.
Re2 {[%clk 00:30:18]} {[%emt 00:05:27]} Nf4 {[%clk 00:55:27]} {[%emt 00:13:44]}
26. Rc2 {[%clk 00:27:58]} {[%emt 00:02:49]} Kh7 {[%clk 00:49:06]} {[%emt
00:06:50]} 27. a4 {[%clk 00:19:01]} {[%emt 00:09:28]} Qg6 {[%clk 00:45:10]}
{[%emt 00:04:26]} 28. Ng3 {[%clk 00:14:46]} {[%emt 00:04:45]} h5 {[%clk
00:43:48]} {[%emt 00:01:53]} 29. Qb3 {[%clk 00:07:17]} {[%emt 00:07:59]} h4
{[%clk 00:39:28]} {[%emt 00:04:50]} 30. Ne4 {[%clk 00:07:22]} {[%emt 00:00:25]}
Rd3 {[%clk 00:34:24]} {[%emt 00:05:35]} 31. Qc4 {[%clk 00:03:41]} {[%emt
00:04:10]} f5 {[%clk 00:31:56]} {[%emt 00:02:59]} 32. g3 {[%clk 00:00:51]}
{[%emt 00:03:20]} fxe4 {[%clk 00:31:11]} {[%emt 00:01:15]} 33. gxf4 {[%clk
00:00:55]} {[%emt 00:00:26]} exf3 {[%clk 00:31:16]} {[%emt 00:00:25]} 34. f5
{[%clk 00:00:39]} {[%emt 00:00:46]} Qxf5 {[%clk 00:30:40]} {[%emt 00:01:06]}
35. Qxh4+ {[%clk 00:00:41]} {[%emt 00:00:28]} Bh6 {[%clk 00:31:10]} 36. Rcf2
{[%clk 00:00:35]} {[%emt 00:00:35]} Re2 {[%clk 00:31:04]} {[%emt 00:00:35]} 37.
Nd4 {[%clk 00:00:33]} {[%emt 00:00:32]} Rxd4 {[%clk 00:29:53]} {[%emt
00:01:41]} 38. Qxd4 {[%clk 00:00:35]} {[%emt 00:00:28]} Be3 {[%clk 00:29:55]}
{[%emt 00:00:29]} 39. Qh4+ {[%clk 00:00:38]} {[%emt 00:00:27]} Kg8 {[%clk
00:29:34]} {[%emt 00:00:51]} 40. Qd8+ {[%clk 00:00:43]} {[%emt 00:00:24]} Kh7
{[%clk 00:29:49]} {[%emt 00:00:16]} 41. Rxf3 {[%clk 00:26:03]} {[%emt
00:05:10]} Qe4 {[%clk 00:59:50]} {[%emt 00:00:28]} 42. Qd7 {[%clk 00:23:46]}
{[%emt 00:02:47]} Rxb2 {[%clk 00:59:01]} {[%emt 00:01:20]} 43. Qh3+ {[%clk
00:22:09]} {[%emt 00:02:07]} Kg8 {[%clk 00:59:15]} {[%emt 00:00:15]} 44. Rd1
{[%emt 00:02:23]} Rb1 45. Rxb1 Qxb1+ 46. Rf1 Qe4+ 47. Qf3 Qxa4 48. Rd1 {[%clk
00:20:16]} 1/2-1/2

[Event "DVM U14 2023"]
[Site "Magdeburg GER"]
[Date "2023.12.29"]
[Round "5"]
[White "Borgert, Alexander"]
[Black "Schaudienst, Arvid"]
[Result "1/2-1/2"]
[Termination "normal"]
[Board "4.4"]
[WhiteElo "1509"]
[BlackElo "1503"]
[WhiteClock "01:04:38"]
[BlackClock "00:25:00"]
[WhiteTeam "Hamburger SK 1830"]
[BlackTeam "TSG Oberschöneweide"]
[PlyCount "59"]
[WhiteFideId "16289188"]
[BlackFideId "16266943"]
[EventCountry "GER"]
[EventRounds "7"]
[EventType "team-swiss"]
[EventDate "2023.12.26"]

1. d4 {[%clk 01:30:55]} {[%emt 00:00:04]} Nf6 {[%clk 01:30:55]} {[%emt
00:00:06]} 2. c4 {[%clk 01:31:21]} {[%emt 00:00:04]} g6 {[%clk 01:31:19]}
{[%emt 00:00:06]} 3. Nc3 {[%clk 01:31:46]} {[%emt 00:00:04]} Bg7 {[%clk
01:31:42]} {[%emt 00:00:07]} 4. e4 {[%clk 01:32:11]} {[%emt 00:00:05]} d6
{[%clk 01:32:07]} {[%emt 00:00:05]} 5. Be2 {[%clk 01:32:33]} {[%emt 00:00:08]}
O-O {[%clk 01:32:28]} {[%emt 00:00:10]} 6. Be3 {[%clk 01:32:57]} {[%emt
00:00:06]} e5 {[%clk 01:32:29]} {[%emt 00:00:28]} 7. d5 {[%clk 01:33:07]}
{[%emt 00:00:20]} Na6 {[%clk 01:32:33]} {[%emt 00:00:27]} 8. g4 {[%clk
01:31:58]} {[%emt 00:01:38]} Nc5 {[%clk 01:31:38]} {[%emt 00:01:25]} 9. f3
{[%clk 01:32:05]} {[%emt 00:00:23]} a5 {[%clk 01:28:56]} {[%emt 00:03:13]} 10.
h4 {[%clk 01:32:13]} {[%emt 00:00:22]} c6 {[%clk 01:24:22]} {[%emt 00:05:05]}
11. h5 {[%clk 01:32:05]} {[%emt 00:00:35]} cxd5 {[%clk 01:16:14]} {[%emt
00:08:39]} 12. cxd5 {[%clk 01:32:12]} {[%emt 00:00:23]} Bd7 {[%clk 01:10:36]}
{[%emt 00:06:09]} 13. Qd2 {[%clk 01:32:13]} {[%emt 00:00:28]} Qe7 {[%clk
01:04:34]} {[%emt 00:06:33]} 14. Bh6 {[%clk 01:32:24]} {[%emt 00:00:19]} Ne8
{[%clk 01:02:43]} {[%emt 00:02:21]} 15. Bxg7 {[%clk 01:29:58]} {[%emt
00:02:56]} Kxg7 {[%clk 01:02:38]} {[%emt 00:00:35]} 16. hxg6 {[%clk 01:28:29]}
{[%emt 00:01:59]} fxg6 {[%clk 01:02:49]} {[%emt 00:00:20]} 17. Qh6+ {[%clk
01:28:45]} {[%emt 00:00:13]} Kg8 {[%clk 01:02:35]} {[%emt 00:00:43]} 18. Nh3
{[%clk 01:27:53]} {[%emt 00:01:20]} Rf7 {[%clk 00:57:58]} {[%emt 00:05:10]} 19.
Nf2 {[%clk 01:22:04]} {[%emt 00:06:17]} Nc7 {[%clk 00:57:07]} {[%emt 00:01:23]}
20. Qe3 {[%clk 01:15:14]} {[%emt 00:07:20]} b5 {[%clk 00:55:16]} {[%emt
00:02:21]} 21. Nd3 {[%clk 01:12:29]} {[%emt 00:03:14]} Nxd3+ {[%clk 00:50:42]}
{[%emt 00:05:05]} 22. Bxd3 {[%clk 01:12:30]} {[%emt 00:00:29]} b4 {[%clk
00:45:08]} {[%emt 00:06:04]} 23. Nd1 {[%clk 01:10:36]} {[%emt 00:02:23]} Bb5
{[%clk 00:38:24]} {[%emt 00:07:14]} 24. a4 {[%clk 01:10:00]} {[%emt 00:01:06]}
Bxd3 {[%clk 00:36:23]} {[%emt 00:02:31]} 25. Qxd3 {[%clk 01:09:50]} {[%emt
00:00:41]} Na6 {[%clk 00:35:39]} {[%emt 00:01:14]} 26. Nf2 {[%clk 01:07:25]}
{[%emt 00:02:54]} Nc5 {[%clk 00:34:11]} {[%emt 00:01:59]} 27. Qe3 {[%clk
01:06:35]} {[%emt 00:01:19]} Raf8 {[%clk 00:30:43]} {[%emt 00:04:00]} 28. Rh3
{[%clk 01:06:21]} {[%emt 00:00:43]} Qd7 {[%clk 00:30:56]} {[%emt 00:00:16]} 29.
b3 {[%clk 01:04:38]} {[%emt 00:02:15]} Qe7 {[%clk 00:25:00]} {[%emt 00:06:26]}
30. Rc1 {[%emt 00:08:03]} 1/2-1/2